| 000 -LEADER |
| fixed length control field |
02483cam a2200445 i 4500 |
| 001 - CONTROL NUMBER |
| control field |
17883768 |
| 003 - CONTROL NUMBER IDENTIFIER |
| control field |
NUST |
| 005 - DATE AND TIME OF LATEST TRANSACTION |
| control field |
20221216163435.0 |
| 008 - FIXED-LENGTH DATA ELEMENTS--GENERAL INFORMATION |
| fixed length control field |
130912s2013 nyu b 001 0 eng |
| 010 ## - LIBRARY OF CONGRESS CONTROL NUMBER |
| LC control number |
2013020648 |
| 020 ## - INTERNATIONAL STANDARD BOOK NUMBER |
| International Standard Book Number |
9781137367365 |
| 040 ## - CATALOGING SOURCE |
| Original cataloging agency |
DLC |
| Language of cataloging |
eng |
| Transcribing agency |
DLC |
| Description conventions |
rda |
| Modifying agency |
DLC |
| 042 ## - AUTHENTICATION CODE |
| Authentication code |
pcc |
| 043 ## - GEOGRAPHIC AREA CODE |
| Geographic area code |
n-us--- |
| -- |
a------ |
| 050 00 - LIBRARY OF CONGRESS CALL NUMBER |
| Classification number |
UA646.3 |
| Item number |
.G3167 2013 |
| 082 00 - DEWEY DECIMAL CLASSIFICATION NUMBER |
| Classification number |
335.031091821,GAR |
| Edition number |
23 |
| 084 ## - OTHER CLASSIFICATION NUMBER |
| Classification number |
POL011000 |
| -- |
POL023000 |
| -- |
POL040020 |
| Number source |
bisacsh |
| 100 1# - MAIN ENTRY--PERSONAL NAME |
| Personal name |
Gardner, Hall. |
| 9 (RLIN) |
105120 |
| 245 10 - TITLE STATEMENT |
| Title |
NATO expansion and US strategy in Asia : |
| Remainder of title |
surmounting the global crisis / |
| Statement of responsibility, etc. |
Hall Gardner. |
| 250 ## - EDITION STATEMENT |
| Edition statement |
First edition. |
| 264 #1 - PRODUCTION, PUBLICATION, DISTRIBUTION, MANUFACTURE, AND COPYRIGHT NOTICE |
| Place of production, publication, distribution, manufacture |
New York, NY : |
| Name of producer, publisher, distributor, manufacturer |
Palgrave Macmillan, |
| Date of production, publication, distribution, manufacture, or copyright notice |
2013. |
| 300 ## - PHYSICAL DESCRIPTION |
| Extent |
xiii, 270 pages ; |
| Dimensions |
23 cm |
| 336 ## - CONTENT TYPE |
| Content type term |
text |
| Source |
rdacontent |
| 337 ## - MEDIA TYPE |
| Media type term |
unmediated |
| Source |
rdamedia |
| 338 ## - CARRIER TYPE |
| Carrier type term |
volume |
| Source |
rdacarrier |
| 505 8# - FORMATTED CONTENTS NOTE |
| Formatted contents note |
Breaking the Contemporary Impasse (Page-11), The Failure to Reach US-Soviet, US-Russian Accords (Page-29), The Reactivation of Containment (Page-53), Ramifications of the August 2008 Georgia-Russia War (Page-95), Missile Defences in the Euro-Atlantic, 'Wider Middle East' and Indo-Pacific (Page-95), The Perils of the US 'Pivot' to Asia (Page-119), Surmounting the Geostrategic Dimensions of the Transatlantic Financial Crisis (Page-139), Toward a New Europe and World-Wide System of Regional Peace and Development Communities(Page-159). |
| 610 20 - SUBJECT ADDED ENTRY--CORPORATE NAME |
| Corporate name or jurisdiction name as entry element |
North Atlantic Treaty Organization |
| General subdivision |
Membership. |
| 9 (RLIN) |
105121 |
| 610 20 - SUBJECT ADDED ENTRY--CORPORATE NAME |
| Corporate name or jurisdiction name as entry element |
North Atlantic Treaty Organization |
| Geographic subdivision |
Russia (Federation) |
| 9 (RLIN) |
105122 |
| 650 #7 - SUBJECT ADDED ENTRY--TOPICAL TERM |
| Topical term or geographic name entry element |
POLITICAL SCIENCE / International Relations / General. |
| Source of heading or term |
bisacsh |
| 9 (RLIN) |
97134 |
| 650 #7 - SUBJECT ADDED ENTRY--TOPICAL TERM |
| Topical term or geographic name entry element |
POLITICAL SCIENCE / Economic Conditions. |
| Source of heading or term |
bisacsh |
| 9 (RLIN) |
95249 |
| 650 #7 - SUBJECT ADDED ENTRY--TOPICAL TERM |
| Topical term or geographic name entry element |
POLITICAL SCIENCE / Government / International. |
| Source of heading or term |
bisacsh |
| 9 (RLIN) |
99865 |
| 651 #0 - SUBJECT ADDED ENTRY--GEOGRAPHIC NAME |
| Geographic name |
United States |
| General subdivision |
Military relations |
| Geographic subdivision |
Russia (Federation) |
| 9 (RLIN) |
105123 |
| 651 #0 - SUBJECT ADDED ENTRY--GEOGRAPHIC NAME |
| Geographic name |
Russia (Federation) |
| General subdivision |
Military relations |
| Geographic subdivision |
United States. |
| 9 (RLIN) |
105124 |
| 651 #0 - SUBJECT ADDED ENTRY--GEOGRAPHIC NAME |
| Geographic name |
Asia |
| General subdivision |
Strategic aspects. |
| 9 (RLIN) |
51996 |
| 856 42 - ELECTRONIC LOCATION AND ACCESS |
| Materials specified |
Cover image |
| Uniform Resource Identifier |
<a href="http://www.netread.com/jcusers2/bk1388/365/9781137367365/image/lgcover.9781137367365.jpg">http://www.netread.com/jcusers2/bk1388/365/9781137367365/image/lgcover.9781137367365.jpg</a> |
| 856 42 - ELECTRONIC LOCATION AND ACCESS |
| Materials specified |
Contributor biographical information |
| Uniform Resource Identifier |
<a href="https://www.loc.gov/catdir/enhancements/fy1609/2013020648-b.html">https://www.loc.gov/catdir/enhancements/fy1609/2013020648-b.html</a> |
| 856 42 - ELECTRONIC LOCATION AND ACCESS |
| Materials specified |
Publisher description |
| Uniform Resource Identifier |
<a href="https://www.loc.gov/catdir/enhancements/fy1609/2013020648-d.html">https://www.loc.gov/catdir/enhancements/fy1609/2013020648-d.html</a> |
| 856 41 - ELECTRONIC LOCATION AND ACCESS |
| Materials specified |
Table of contents only |
| Uniform Resource Identifier |
<a href="https://www.loc.gov/catdir/enhancements/fy1609/2013020648-t.html">https://www.loc.gov/catdir/enhancements/fy1609/2013020648-t.html</a> |
| 942 ## - ADDED ENTRY ELEMENTS (KOHA) |
| Source of classification or shelving scheme |
|
| Koha item type |
Book |
| Call number prefix |
335.031091821,GAR |